00919nam a22002537a 4500003000500000005001700005008004100022010001000063011001000073035001100083040000900094100003300103245017500136260004100311300001000352502012900362650002100491650002900512650002700541650002000568650002900588650002400617650002400641CHAP20220329143119.0060502d2006 mx r 00110 spa d a92128 a93100 a103671 cCHAP1 aMartínez Sandoval, Lucina.10aQL AGRI 35 (Quillaja saponaria Mol) una alternativa para el control de Meloidogyne incognita en el cultivo de pepino en Sinaloa, Méxicoc/por Lucina Martínez Sandoval aChapingo, Méx. :bEl autor,c2006. a99 h. aTesis (M. C. en Protección Vegetal) - - UACH. Departamento de Parasitología Agrícola. Posgrado en Protección Vegetal04aPepinoxSinaloa.14aCultivos en invernadero.14aMeloidogyne incognita.14aPepinoxPlagas.14aPepinoxPlagasxControl.14aPepinoxVariedades.14aQuillaja saponaria.